Nová projekcia vývoja obyvateľstva Slovenskej republiky do roku 2015
Charakteristika "Projekcie vývoja obyvateľstva do roku 2015", ktorú zostavil Štatistický úrad SR v spolupráci s INFOSTAT-om. Vybrané ukazovatele demografického vývoja na Slovensku v r. 1970 - 1995. Nízky a vysoký variant projekcie. Metodika prognóz vývoja obyvateľstva. Výsledky projekcie vývoja obyv...
Guardado en:
| Autor principal: | |
|---|---|
| Otros Autores: | |
| Formato: | Capítulo de libro |
| Lenguaje: | eslovaco |
| Materias: | |
| Etiquetas: |
Sin Etiquetas, Sea el primero en etiquetar este registro!
|
MARC
| LEADER | 00000naa a2200000 4500 | ||
|---|---|---|---|
| 001 | r025516 | ||
| 005 | 20230906071705.6 | ||
| 041 | 0 | |a slo | |
| 044 | |a SK | ||
| 245 | 1 | 0 | |a Nová projekcia vývoja obyvateľstva Slovenskej republiky do roku 2015 |c M. Olexa, M. Tirpák |
| 520 | |a Charakteristika "Projekcie vývoja obyvateľstva do roku 2015", ktorú zostavil Štatistický úrad SR v spolupráci s INFOSTAT-om. Vybrané ukazovatele demografického vývoja na Slovensku v r. 1970 - 1995. Nízky a vysoký variant projekcie. Metodika prognóz vývoja obyvateľstva. Výsledky projekcie vývoja obyvateľstva od r. 1996 - 2015 (novonarodení, zomrelí, prírastok obyvateľstva, štruktúra obyvateľstva podľa vekových skupín, vývoj počtu obyvateľstva). | ||
| 610 | 2 | 0 | |a štatistika |
| 610 | 2 | 0 | |a štatistika obyvateľstva |
| 610 | 2 | 0 | |a štatistika demografická |
| 610 | 2 | 0 | |a demografia |
| 610 | 2 | 0 | |a prírastok obyvateľstva |
| 610 | 2 | 0 | |a úmrtnosť |
| 610 | 2 | 0 | |a štruktúra obyvateľstva |
| 610 | 2 | 0 | |a prognózy |
| 610 | 2 | 0 | |a 1970-1995 |
| 610 | 2 | 0 | |a 1996-2015 |
| 610 | 2 | 0 | |a Slovensko |
| 610 | 2 | 0 | |a ŠÚ SR Bratislava |
| 100 | 1 | |a Olexa, Milan | |
| 700 | 1 | |a Tirpák, M. | |